| 000 | 00510nam a22001817a 4500 | ||
|---|---|---|---|
| 003 | CEME | ||
| 005 | 20210628203116.0 | ||
| 008 | 210219b xxu||||| |||| 00| 0 eng d | ||
| 020 | _a81-7808-246-2 | ||
| 040 | _c. | ||
| 082 | _a658.84 FLO | ||
| 100 |
_aFlor, Nick.V _963358 |
||
| 245 | _aWeb business engineering, using offline activities to drive internet strategies | ||
| 260 |
_aINDIA _bPEARSON EDUCATION ASIA _c2001 |
||
| 300 | _aXXIII,217P | ||
| 650 |
_aBUSINESS ENGINEERING _963359 |
||
| 942 |
_cBK _2ddc |
||
| 999 |
_c572209 _d572209 |
||